000 00917nac a22002777a 4500
001 BR7902805
003 BR-BrBNA
005 20240105114430.0
008 230509b bl.|||m| |||| 00| 0 por d
040 _aBR-BrBNA
_bpor
_cBiblioteca Nacional de Agricultura
072 _aL30
090 _a5214 BR7902805
100 1 _aCampos, O.F. de
100 1 _aMatos, L.L. de
100 1 _aVilela, D.
110 1 _aCentro Nacional de Pesquisa de Gado de Leite, Coronel Pacheco, MG (Brasil)
_91775
245 1 _aOpcoes de sistemas de criacao de bezerros leiteiros [nutricao animal]
260 3 _aCoronel Pacheco, MG (Brasil):
_c1979.
300 _a3 p.
490 _aCircular Tecnica - Centro Nacional de Pesquisa de Gado de Leite (Brazil)
_vno. 1
_x
650 _aBEZERRO LEITEIRO
650 _aARRACOAMENTO
650 _aGANHO DE PESO
909 _a202312
_bLúcia Elande
_c55
_dLúcia Elande
942 _2AGRIS
_n0
_cMS
999 _c269315
_d269315